Famous Works of Art or TV Dramas Quiz Stats

 Plays Quiz not verified by Sporcle

Score 0/15 Timer 02:00
0 Plays Today
% Correct
The Dancers
73.9%
At the Bar
66.4%
The Night Watch
63.8%
Room in Brooklyn
63.2%
Duchess of Cleveland
62.9%
Four Saints
59.7%
In the Field
59.5%
Skating
57.6%
% Correct
Football Players
55.9%
Death and Fire
54.7%
Paradise
38.4%
White Line
37.3%
The School of Love
37%
The Republic
36.2%
The Payment
33.9%

You're not logged in!

Compare scores with friends on all Sporcle quizzes.
OR
Log In

Show Comments

Extras

Top Quizzes Today


Score Distribution

Your Account Isn't Verified!

In order to create a playlist on Sporcle, you need to verify the email address you used during registration. Go to your Sporcle Settings to finish the process.

Report this User

Report this user for behavior that violates our Community Guidelines.

Details: